000 00293nam a22001337a 4500
003 SGT
082 _a346.08
_bAWA
100 _aAWASTHI S K
245 _aJUDGEMENTS ON DISHONOUR OF CHEQUES
250 _a2
260 _aALLAHABAD
_bPREMIER PUBLISHING
_c1997
300 _a1080
942 _2ddc
_cBK
999 _c32768
_d32768